[Event "DVM U20 2005"]
[Site "Berlin GER"]
[Date "2005.12.29"]
[Round "6"]
[White "Franz, Tobias"]
[Black "Müller, Philipp"]
[Result "1-0"]
[Termination "normal"]
[Board "6.6"]
[WhiteElo "1703"]
[BlackElo "1994"]
[WhiteTeam "SK König Plauen"]
[BlackTeam "Hamburger SK von 1830"]
[PlyCount "69"]
[BlackFideId "24620262"]
[EventCountry "GER"]
[EventRounds "7"]
[EventType "team-swiss"]
[EventDate "2005.12.26"]

1. e4 c5 2. Nf3 e6 3. d4 cxd4 4. Nxd4 a6 5. Bd3 Bc5 6. Nb3 Be7 7. O-O d6 8. c4
Nf6 9. Nc3 b6 10. Be3 O-O 11. Qe2 Qc7 12. f4 Nbd7 13. Rf3 Bb7 14. Rh3 h6 15. g4
d5 16. cxd5 exd5 17. e5 Ne4 18. Rc1 Nxc3 19. Rxc3 Qb8 20. g5 Rc8 21. gxh6 g6
22. h7+ Kh8 23. e6 Rxc3 24. bxc3 Nf8 25. exf7 Bf6 26. Rg3 Qd8 27. f5 d4 28.
Bxd4 Bxd4+ 29. cxd4 Qd5 30. Qe5+ Qxe5 31. dxe5 Kxh7 32. fxg6+ Kg7 33. Nd4 Bc8
34. Nf5+ Bxf5 35. Bxf5 1-0

[Event "DVM U20 2005"]
[Site "Berlin GER"]
[Date "2005.12.29"]
[Round "6"]
[White "Koch, Moritz"]
[Black "Hillmann, Michael"]
[Result "1-0"]
[Termination "normal"]
[Board "7.1"]
[WhiteElo "2227"]
[BlackElo "2067"]
[WhiteTeam "SV Puschendorf"]
[BlackTeam "SV Sangerhausen"]
[PlyCount "75"]
[WhiteFideId "4678460"]
[BlackFideId "24609889"]
[EventCountry "GER"]
[EventRounds "7"]
[EventType "team-swiss"]
[EventDate "2005.12.26"]

1. e4 c5 2. Nf3 d6 3. d4 cxd4 4. Nxd4 e5 5. Bb5+ Bd7 6. Bxd7+ Qxd7 7. Nb3 Nf6
8. Nc3 Nc6 9. Bg5 Be7 10. O-O h6 11. Bxf6 Bxf6 12. Qe2 O-O 13. Rad1 Qe6 14. Nd5
Rad8 15. Qb5 Rd7 16. Nxf6+ gxf6 17. f4 a6 18. Qd3 Rfd8 19. f5 Qe8 20. Qg3+ Kf8
21. Qh4 Ke7 22. Qxh6 Qh8 23. Qe3 Rg8 24. Rf2 Qg7 25. Rfd2 Rgd8 26. c4 Qg5 27.
Qb6 Qf4 28. c5 Qe3+ 29. Kh1 d5 30. exd5 Rxd5 31. Qxb7+ Kf8 32. Rxd5 Rxd5 33.
Rg1 Ne7 34. c6 Rb5 35. Qxa6 Rb6 36. Qa8+ Kg7 37. c7 Nxf5 38. Qf3 1-0

[Event "DVM U20 2005"]
[Site "Berlin GER"]
[Date "2005.12.29"]
[Round "6"]
[White "Günther, Christian"]
[Black "Lauer, Moritz"]
[Result "0-1"]
[Termination "normal"]
[Board "7.2"]
[WhiteElo "2029"]
[BlackElo "2233"]
[WhiteTeam "SV Sangerhausen"]
[BlackTeam "SV Puschendorf"]
[PlyCount "132"]
[WhiteFideId "24659380"]
[BlackFideId "4678354"]
[EventCountry "GER"]
[EventRounds "7"]
[EventType "team-swiss"]
[EventDate "2005.12.26"]

1. d4 Nf6 2. Nf3 d6 3. c4 Nbd7 4. Nc3 e5 5. e4 c6 6. Be2 Be7 7. O-O O-O 8. d5
Qc7 9. Ne1 Nc5 10. f3 cxd5 11. cxd5 a6 12. Be3 b5 13. b4 Ncd7 14. Rc1 Qb8 15.
a4 bxa4 16. Qxa4 Bd8 17. Nd3 Bb6 18. Bxb6 Qxb6+ 19. Kh1 Bb7 20. Nb2 Qa7 21. Nc4
Nb6 22. Nxb6 Qxb6 23. Qa5 Qe3 24. Qc7 Rab8 25. Qxd6 Rbc8 26. Qxe5 Rfe8 27. Qd6
Rxc3 28. Rxc3 Qxc3 29. Bxa6 Bxa6 30. Qxa6 Qxb4 31. Rc1 Nxd5 32. Qc6 Nf6 33. h3
Qe7 34. Qb6 h6 35. Rc7 Qe6 36. Qxe6 Rxe6 37. Kh2 Kf8 38. Ra7 Re7 39. Ra8+ Ne8
40. Kg3 f6 41. Ra5 Kf7 42. Rb5 Nd6 43. Ra5 g5 44. h4 Kg6 45. Ra6 Re6 46. Ra8
Nb5 47. hxg5 hxg5 48. Rg8+ Kf7 49. Rb8 Nd4 50. Rb7+ Re7 51. Rb2 Ne6 52. Ra2 Rc7
53. Kg4 Rc4 54. Rd2 Ke7 55. Kg3 Nf4 56. Kg4 Ng6 57. Kg3 Ke6 58. Kg4 Ne5+ 59.
Kg3 Rc3 60. Kf2 g4 61. f4 g3+ 62. Ke2 Ng4 63. Rd4 Re3+ 64. Kd2 Ra3 65. Ke2 Ne3
66. f5+ Ke5 0-1

[Event "DVM U20 2005"]
[Site "Berlin GER"]
[Date "2005.12.29"]
[Round "6"]
[White "Lowitz, Torsten"]
[Black "Strache, Michael"]
[Result "0-1"]
[Termination "normal"]
[Board "7.3"]
[WhiteElo "2117"]
[BlackElo "2066"]
[WhiteTeam "SV Puschendorf"]
[BlackTeam "SV Sangerhausen"]
[PlyCount "83"]
[WhiteFideId "4681924"]
[BlackFideId "4693183"]
[EventCountry "GER"]
[EventRounds "7"]
[EventType "team-swiss"]
[EventDate "2005.12.26"]

1. e4 c5 2. Nf3 e6 3. d3 Nc6 4. Nbd2 d6 5. Be2 g6 6. O-O Bg7 {(=)} 7. c3 Nge7
8. Re1 O-O 9. Nf1 Rb8 10. Ne3 d5 11. a4 a6 12. Ng4 f5 13. Ne3 b5 14. axb5 axb5
15. Qc2 Qd6 16. Rd1 Bd7 17. Bd2 b4 18. exd5 b3 19. Qc1 exd5 20. Nf1 Ra8 21. Bf4
Qf6 22. N1d2 Na5 23. Bc7 Nec6 24. Ra3 Rfc8 25. Bf4 Bf8 26. Nxb3 Nxb3 27. Rxb3
Na5 28. Ra3 c4 29. Rxa5 Rxa5 30. dxc4 Be6 31. cxd5 Bxd5 32. Qd2 Bb3 33. Re1 Ra2
34. Bd1 Bc4 35. Ne5 Rd8 36. Qe3 Qa6 37. b4 Ra1 38. Bf3 Be2 39. Qxe2 Qxe2 40.
Bxe2 Rxe1+ 41. Bf1 Rdd1 42. g3 0-1

[Event "DVM U20 2005"]
[Site "Berlin GER"]
[Date "2005.12.29"]
[Round "6"]
[White "Wendling, Hannes"]
[Black "Kittler, Alexander"]
[Result "1-0"]
[Termination "normal"]
[Board "7.4"]
[WhiteElo "2088"]
[BlackElo "1496"]
[WhiteTeam "SV Sangerhausen"]
[BlackTeam "SV Puschendorf"]
[PlyCount "59"]
[WhiteFideId "24624284"]
[BlackFideId "24669954"]
[EventCountry "GER"]
[EventRounds "7"]
[EventType "team-swiss"]
[EventDate "2005.12.26"]

1. e4 d5 2. exd5 Nf6 3. d4 Bg4 4. Nf3 Bxf3 5. Qxf3 Qxd5 6. Be2 Qxf3 7. Bxf3 c6
8. O-O e6 9. Bf4 Be7 10. Nd2 O-O 11. a4 Nbd7 12. a5 Rac8 13. Nc4 Rfd8 14. c3
Nd5 15. Bg3 N7f6 16. Rfd1 Rd7 17. h3 Ne8 18. Ne5 Rdd8 19. c4 Ndf6 20. a6 b6 21.
Nxc6 Rd7 22. Ne5 Rdd8 23. Bb7 Rc7 24. Nc6 Rxc6 25. Bxc6 Nd6 26. c5 Nc8 27. Bc7
Rf8 28. cxb6 Nxb6 29. Bxb6 axb6 30. a7 1-0

[Event "DVM U20 2005"]
[Site "Berlin GER"]
[Date "2005.12.29"]
[Round "6"]
[White "Lingl, Xenia"]
[Black "Bürckner, Georg"]
[Result "0-1"]
[Termination "normal"]
[Board "7.5"]
[WhiteElo "1484"]
[BlackElo "1816"]
[WhiteTeam "SV Puschendorf"]
[BlackTeam "SV Sangerhausen"]
[PlyCount "156"]
[BlackFideId "24646903"]
[EventCountry "GER"]
[EventRounds "7"]
[EventType "team-swiss"]
[EventDate "2005.12.26"]

1. e4 c5 2. d3 Nc6 3. g3 d6 4. Bg2 Nf6 5. f4 e6 6. Nf3 Be7 7. O-O O-O 8. Nc3
Rb8 9. h3 b5 10. g4 b4 11. Ne2 Bb7 12. Ng3 Nd7 13. g5 f6 14. h4 fxg5 15. hxg5
Qe8 16. Kh2 a5 17. Rh1 g6 18. Kg1 Rf7 19. Qe2 Bf8 20. Bf1 Bg7 21. Qh2 Nf8 22.
Be2 a4 23. Rb1 Nd4 24. Nxd4 Bxd4+ 25. Kg2 Bc6 26. Bd2 Rfb7 27. Bg4 b3 28. axb3
axb3 29. c3 Bg7 30. Rhf1 Rf7 31. Rbe1 Ra8 32. Kg1 Qd8 33. f5 exf5 34. exf5 gxf5
35. Nxf5 Raa7 36. Nxg7 Rxg7 37. c4 Bd7 38. Qxd6 Ra8 39. Bf3 Rc8 40. Bd5+ Kh8
41. Bc3 Qxg5+ 42. Kh1 Qh4+ 43. Qh2 Bh3 44. Bxg7+ Kxg7 45. Rf7+ Kh6 46. Qd6+ Ng6
47. Ree7 Be6+ 48. Kg1 Bxf7 49. Rxf7 Qe1+ 50. Rf1 Qe3+ 51. Kh1 Qh3+ 52. Qh2
Qxh2+ 53. Kxh2 Re8 54. Rf2 Re3 55. Be4 Ne5 56. Rd2 Kg7 57. Kg2 h6 58. Kf2 Ng4+
59. Kg2 Ne5 60. Kf2 Ng4+ 61. Kf1 Ne5 62. Re2 Rxe2 63. Kxe2 Kf6 64. Kd2 h5 65.
Kc3 Kg5 66. Kxb3 Kf4 67. Kc3 h4 68. Ba8 h3 69. d4 cxd4+ 70. Kxd4 Nf3+ 71. Kc3
h2 72. c5 h1=Q 73. c6 Qh8+ 74. Kc2 Qxa8 75. c7 Qc8 76. b4 Qxc7+ 77. Kb3 Nd4+
78. Ka4 Qa7# 0-1

[Event "DVM U20 2005"]
[Site "Berlin GER"]
[Date "2005.12.29"]
[Round "6"]
[White "Richter, Dustin"]
[Black "Buck, Andreas"]
[Result "1-0"]
[Termination "normal"]
[Board "7.6"]
[WhiteElo "1432"]
[BlackElo "1166"]
[WhiteTeam "SV Sangerhausen"]
[BlackTeam "SV Puschendorf"]
[PlyCount "81"]
[WhiteFideId "4649001"]
[BlackFideId "4625463"]
[EventCountry "GER"]
[EventRounds "7"]
[EventType "team-swiss"]
[EventDate "2005.12.26"]

1. e4 e6 2. d4 d5 3. Nc3 dxe4 4. Nxe4 Bd7 5. Nf3 Bc6 6. Bd3 Bxe4 7. Bxe4 c6 8.
O-O Nf6 9. Bd3 Be7 10. c3 O-O 11. Qc2 Nbd7 12. Bf4 Rc8 13. a4 c5 14. Rfe1 Qa5
15. Qe2 Nd5 16. Bd2 Qb6 17. a5 Qd6 18. g3 Rce8 19. a6 b6 20. Bb5 Bf6 21. Ne5
Bxe5 22. dxe5 Qc7 23. c4 Ne7 24. Rad1 Rd8 25. Bg5 f6 26. exf6 Nxf6 27. Qxe6+
Rf7 28. Bf4 Qc8 29. Ba4 Rxd1 30. Qxc8+ Nxc8 31. Rxd1 h6 32. Rd8+ Rf8 33. Rxf8+
Kxf8 34. Bc6 Ke7 35. Kg2 Ne8 36. Bb8 Ncd6 37. Bd5 Kf6 38. h4 Ke5 39. f4+ Kd4
40. Be6 Kd3 41. g4 1-0

[Event "DVM U20 2005"]
[Site "Berlin GER"]
[Date "2005.12.29"]
[Round "6"]
[White "Krutwig, Longlong"]
[Black "Süß, Stefan"]
[Result "1/2-1/2"]
[Termination "normal"]
[Board "8.1"]
[WhiteElo "2193"]
[BlackElo "2021"]
[WhiteTeam "SF Köln-Mülheim"]
[BlackTeam "FSV Großenseebach"]
[PlyCount "81"]
[WhiteFideId "24629979"]
[BlackFideId "24606090"]
[EventCountry "GER"]
[EventRounds "7"]
[EventType "team-swiss"]
[EventDate "2005.12.26"]

1. d4 d5 2. Nf3 Nf6 3. Bf4 g6 4. Nbd2 Bg7 5. e3 O-O 6. Bd3 b6 7. O-O Bb7 8. c4
Nbd7 9. Rc1 c5 10. Qb3 Rc8 11. Ne5 Nh5 12. cxd5 Nxf4 13. exf4 Nxe5 14. dxe5
Qxd5 15. Qxd5 Bxd5 16. Be4 Rfd8 17. Rc2 Bxe4 18. Nxe4 Rd4 19. Re1 Rcd8 20. g3
Rd1 $11 21. Kf1 h6 22. Rxd1 Rxd1+ 23. Ke2 Rd4 24. Nc3 f6 25. exf6 Bxf6 26. Nb5
Rb4 27. Nxa7 Ra4 28. Nc8 Rxa2 29. Nxb6 Rxb2 30. Rxb2 Bxb2 31. Kd3 Bd4 32. f3
Bg1 33. h3 Bh2 34. g4 Bxf4 35. Ke4 Bd6 36. Kd5 Kf7 37. Nd7 Kg7 38. h4 h5 39.
Nxc5 hxg4 40. fxg4 Bg3 41. h5 1/2-1/2

[Event "DVM U20 2005"]
[Site "Berlin GER"]
[Date "2005.12.29"]
[Round "6"]
[White "Borel, Markus"]
[Black "Krug, Kevin"]
[Result "1/2-1/2"]
[Termination "normal"]
[Board "8.2"]
[WhiteElo "1965"]
[BlackElo "2111"]
[WhiteTeam "FSV Großenseebach"]
[BlackTeam "SF Köln-Mülheim"]
[PlyCount "96"]
[WhiteFideId "24605522"]
[BlackFideId "24609110"]
[EventCountry "GER"]
[EventRounds "7"]
[EventType "team-swiss"]
[EventDate "2005.12.26"]

1. e4 Nc6 2. Nf3 d5 3. exd5 Qxd5 4. Nc3 Qa5 5. Bb5 Bd7 6. O-O Nf6 7. d4 e6 8.
a3 a6 9. Bc4 Bd6 10. d5 exd5 11. Re1+ Ne7 12. Nxd5 Nfxd5 13. Bxd5 O-O-O 14.
Bxf7 Rhf8 15. Bd2 Qf5 16. Bc4 Kb8 17. Qe2 Bc6 18. Ng5 Rf6 19. Bd3 Qd5 20. Ne4
Re6 21. f3 Nf5 22. Qf1 Be5 23. Kh1 Bb5 24. Bxb5 axb5 25. Bg5 Rde8 26. Rad1 Qc6
27. c3 h6 28. Bc1 g5 29. Rd3 b6 30. Be3 Bf4 31. Bf2 g4 32. Red1 gxf3 33. gxf3
Kb7 34. Rd5 Nd6 35. Nxd6+ Rxd6 36. Qd3 Rxd5 37. Qxd5 Qxd5 38. Rxd5 Re2 39. Bg3
Bxg3 40. hxg3 Rxb2 41. f4 Rb3 42. Kg2 c5 43. f5 Rxa3 44. f6 Ra8 45. Rh5 b4 46.
cxb4 cxb4 47. Rxh6 b3 48. Rh1 Rf8 1/2-1/2

[Event "DVM U20 2005"]
[Site "Berlin GER"]
[Date "2005.12.29"]
[Round "6"]
[White "Papaioannou, Dimitri"]
[Black "Müller, Mathias"]
[Result "1-0"]
[Termination "normal"]
[Board "8.3"]
[WhiteElo "2024"]
[BlackElo "1827"]
[WhiteTeam "SF Köln-Mülheim"]
[BlackTeam "FSV Großenseebach"]
[PlyCount "59"]
[WhiteFideId "24673170"]
[EventCountry "GER"]
[EventRounds "7"]
[EventType "team-swiss"]
[EventDate "2005.12.26"]

1. e4 e5 2. Nf3 Nc6 3. Bb5 f5 4. d4 fxe4 5. Nxe5 Nxe5 6. dxe5 c6 7. Be2 Qa5+ 8.
Bd2 Qxe5 9. Bc3 Qe7 10. Bh5+ Kd8 11. O-O d5 12. b4 Nf6 13. b5 g6 14. Be2 Bg7
15. bxc6 bxc6 16. Bd4 Be6 17. c3 Rf8 18. Qa4 Qc7 19. Nd2 Rf7 20. Nb3 Nd7 21.
Rab1 c5 22. Bxg7 Rxg7 23. f3 exf3 24. Bxf3 Nb6 25. Qh4+ Kd7 26. Bg4 Re8 27.
Rbe1 Rge7 28. Bxe6+ Rxe6 29. Rf7+ Kd6 30. Qg3+ 1-0

[Event "DVM U20 2005"]
[Site "Berlin GER"]
[Date "2005.12.29"]
[Round "6"]
[White "Kirch, Florian"]
[Black "Albers, Damian"]
[Result "1-0"]
[Termination "normal"]
[Board "8.4"]
[WhiteElo "1821"]
[BlackElo "1974"]
[WhiteTeam "FSV Großenseebach"]
[BlackTeam "SF Köln-Mülheim"]
[PlyCount "139"]
[WhiteFideId "24605794"]
[BlackFideId "4695186"]
[EventCountry "GER"]
[EventRounds "7"]
[EventType "team-swiss"]
[EventDate "2005.12.26"]

1. d4 Nf6 2. c4 e6 3. Nc3 d5 4. cxd5 exd5 5. Bg5 Be7 6. e3 c6 7. Bd3 Bg4 8.
Nge2 Nbd7 9. O-O O-O 10. Qc2 Re8 11. Rfb1 h6 12. Bh4 Nf8 13. b4 Qd7 14. b5 Ne4
15. Bxe7 Nxc3 16. Nxc3 Rxe7 17. Na4 cxb5 18. Rxb5 Bf5 19. Rab1 Bxd3 20. Qxd3
Qc6 21. Nc3 Rd8 22. Rc5 Qe6 23. Ne2 Ng6 24. a4 b6 25. Rc2 Rc8 26. Rxc8+ Qxc8
27. Rb5 Qc6 28. Qb3 Rd7 29. h3 Ne7 30. Nf4 Kf8 31. Nd3 Rc7 32. a5 bxa5 33. Rxa5
Qc4 34. Qa3 Kg8 35. Nc5 Qe2 36. Rxa7 Rxa7 37. Qxa7 Qe1+ 38. Kh2 Nf5 39. Qb8+
Kh7 40. Qf4 g6 41. Nd7 Qb4 42. Nf6+ Kg7 43. Nxd5 Qd6 44. Qxd6 Nxd6 45. Kg3 f5
46. f3 g5 47. Nc3 f4+ 48. exf4 Nf5+ 49. Kg4 Ne3+ 50. Kh5 gxf4 51. Ne2 Nxg2 52.
Kg4 Kf6 53. Nxf4 Ne3+ 54. Kh5 Nf5 55. Ne2 Kg7 56. Kg4 Kf6 57. Kf4 Nd6 58. Nc3
Nf7 59. d5 Kg6 60. Ne4 h5 61. d6 Nd8 62. Ke5 Nc6+ 63. Ke6 Nd4+ 64. Ke7 Nxf3 65.
Ke6 Nd4+ 66. Kd5 Nb5 67. d7 Nc7+ 68. Kd6 Nb5+ 69. Kc6 Nd4+ 70. Kd5 1-0

[Event "DVM U20 2005"]
[Site "Berlin GER"]
[Date "2005.12.29"]
[Round "6"]
[White "Rosenstein, Wadim"]
[Black "Quaschner, Tobias"]
[Result "1/2-1/2"]
[Termination "normal"]
[Board "8.5"]
[WhiteElo "1831"]
[BlackElo "1705"]
[WhiteTeam "SF Köln-Mülheim"]
[BlackTeam "FSV Großenseebach"]
[PlyCount "162"]
[WhiteFideId "24148148"]
[BlackFideId "24646989"]
[EventCountry "GER"]
[EventRounds "7"]
[EventType "team-swiss"]
[EventDate "2005.12.26"]

1. c4 g6 2. Nc3 Bg7 3. Nf3 d6 4. g3 c6 5. Bg2 Nf6 6. O-O O-O 7. d3 Nbd7 8. Bd2
Nb6 9. Qc1 d5 10. cxd5 Nbxd5 11. Bh6 Bd7 12. Bxg7 Kxg7 13. Nd2 Nxc3 14. bxc3
Be6 15. c4 Qc8 16. Re1 Bh3 17. Bh1 h5 18. Rb1 h4 19. Qb2 hxg3 20. hxg3 b6 21.
Nb3 Qc7 22. Nd4 Bd7 23. Qa3 Rae8 24. c5 b5 25. Qa6 Rc8 26. a4 bxa4 27. Rb7 Qe5
28. Nxc6 Qxc5 29. Nxa7 Ra8 30. Rb6 Nd5 31. Bxd5 Qxd5 32. Qb7 Qxb7 33. Rxb7 Be6
34. Ra1 Bb3 35. Nc6 Rfc8 36. Nd4 Rcb8 37. Rxb8 Rxb8 38. Nxb3 axb3 39. Rb1 Kf6
40. Kf1 Ke5 41. Ke1 Kd5 42. Kd2 f5 43. Kc3 e5 44. Rxb3 Rc8+ 45. Kd2 g5 46. Rb5+
Ke6 47. Rb6+ Kf7 48. Ke3 Ra8 49. g4 fxg4 50. Rb4 Ra6 51. Rxg4 Kf6 52. Rb4 Kf5
53. Kf3 Kf6 54. Rb8 Kf5 55. Rf8+ Ke6 56. e4 Ra3 57. Ke3 Ra1 58. Rf5 Rg1 59. Ke2
g4 60. Rf8 g3 61. f4 exf4 62. Rxf4 Ke5 63. Rg4 g2 64. Kf2 Rd1 65. Rg5+ Ke6 66.
Kxg2 Rxd3 67. Rg3 Rxg3+ 68. Kxg3 Ke5 69. Kf3 Ke6 70. Kf4 Kf6 71. e5+ Ke6 72.
Ke4 Ke7 73. Kf5 Kf7 74. e6+ Ke7 75. Ke5 Ke8 76. Kf6 Kf8 77. Kg5 Ke7 78. Kf5 Ke8
79. Kf6 Kf8 80. Kg5 Ke7 81. Kf5 Ke8 {und weitere 10 ähnliche Züge} 1/2-1/2

[Event "DVM U20 2005"]
[Site "Berlin GER"]
[Date "2005.12.29"]
[Round "6"]
[White "Nemeth-Csoka, Mihaly"]
[Black "Jovanovic, Valter"]
[Result "0-1"]
[Termination "normal"]
[Board "8.6"]
[WhiteElo "1455"]
[BlackElo "1573"]
[WhiteTeam "FSV Großenseebach"]
[BlackTeam "SF Köln-Mülheim"]
[PlyCount "65"]
[WhiteFideId "24659436"]
[EventCountry "GER"]
[EventRounds "7"]
[EventType "team-swiss"]
[EventDate "2005.12.26"]

1. e4 c5 2. Nf3 Nc6 3. d4 cxd4 4. Nxd4 Nf6 5. Nc3 e5 6. Ndb5 d6 7. Be3 a6 8.
Na3 Be6 9. f3 d5 10. exd5 Nxd5 11. Nxd5 Bxd5 12. c4 Be6 13. Qb3 Bxa3 14. Qxa3
Bxc4 15. Rd1 Qa5+ 16. Qxa5 Nxa5 17. b3 Bxf1 18. Rxf1 Nc6 19. Rf2 Rd8 20. Rxd8+
Kxd8 21. Kd2 Kc7 22. Kc3 Rd8 23. a4 Rd7 24. Kc4 Na5+ 25. Kb4 Nc6+ 26. Kc5 Rd3
27. Bg5 Rxb3 28. Re2 f6 29. Bh4 Rb4 30. Bf2 Rxa4 31. Kd5 Nd4 32. Bxd4 Rxd4+ 33.
Kc5 0-1